000 00261nam a22001217a 4500
008 181217b xxu||||| |||| 00| 0 eng d
041 _aeng
080 _a710
100 _a44
101 _aART
245 _aClimpes Of Paradise
_cRobert .A
942 _2udc
_cBK
999 _c53173
_d53173